| 000 | 00000nam##2200000za#4500 |
| 001 | 9.697534 |
| 003 | CaOODSP |
| 005 | 20241203113637 |
| 007 | cr ||||||||||| |
| 008 | 150407|2011||||xxc|||||o f|0| 0 eng|d |
| 040 | |aCaOODSP|beng |
| 043 | |an-cn--- |
| 086 | 1 |aEn56-239/2011E-PDF |
| 110 | 1 |aCanada. |bEnvironment Canada. |
| 245 | 10|aAWARE : |h[electronic resource]|bthe atmosphere, the weather and flying |
| 260 | |aOttawa - Ontario : |bEnvironment Canada |c2011. |
| 500 | |a"AWARE is an educational manual directed towards aircraft pilots and produced by a collaborative initiative of Search and Rescue and Environment Canada. This manual is designed to contribute to aviation safety with an effort towards improving communication between pilots and weather forecasters."--Page 2 of 247. |
| 590 | |a13-08-Supp|b2013-04-02 |
| 775 | 08|tMÉTAVI : |w(CaOODSP)9.641570 |
| 856 | 40|ahttp://publications.gc.ca|qPDF|s8173 KB|uhttps://publications.gc.ca/collections/collection_2013/ec/En56-239-2011-eng.pdf |